| 000 | 00355nam a22001337a 4500 | ||
|---|---|---|---|
| 008 | 170927b xxu||||| |||| 00| 0 eng d | ||
| 020 | _a9781133769057 | ||
| 041 | _aeng | ||
| 080 | _a37 | ||
| 100 | _a47 | ||
| 101 | _aEDU | ||
| 245 |
_aCOMPOSITION AND COMMUNICATION INTERGRATIBG IRAK WRITEN AND VISUAL LITERACY _cSELLNOW.M |
||
| 942 |
_2udc _cBK |
||
| 999 |
_c30281 _d30281 |
||